|
|
|
|
| LEADER |
00000nam0a2200000 4500 |
| 001 |
1981 |
| 005 |
20231101204224.0 |
| 010 |
|
|
|a 5761503824
|
| 035 |
|
|
|a (RuTPU)RU\TPU\book\1990
|
| 035 |
|
|
|a BOOK00001992
|
| 090 |
|
|
|a 1981
|
| 100 |
|
|
|a 20011209d1995 m y0rusy50 ca
|
| 101 |
0 |
|
|a rus
|
| 102 |
|
|
|a RU
|
| 105 |
|
|
|a y j 000zy
|
| 200 |
1 |
|
|a Сравнительная политология
|e учебник для вузов
|f Г. В. Голосов
|
| 205 |
|
|
|a 2-е изд., перераб. и доп.
|
| 210 |
|
|
|a Новосибирск
|c Изд-во НГУ
|d 1995
|
| 215 |
|
|
|a 207 с.
|
| 606 |
1 |
|
|a Политология
|2 stltpush
|3 (RuTPU)RU\TPU\subj\50495
|9 69168
|
| 610 |
1 |
|
|a сравнительная политология
|
| 610 |
1 |
|
|a политические исследования
|
| 610 |
1 |
|
|a политическая культура
|
| 610 |
1 |
|
|a учебные пособия
|
| 686 |
|
|
|a Ф011.6я73
|v LBC/SL-A
|2 rubbk
|
| 700 |
|
1 |
|a Голосов
|b Г. В.
|g Григорий Васильевич
|
| 801 |
|
0 |
|a RU
|b 63413507
|c 20011209
|g PSBO
|
| 801 |
|
2 |
|a RU
|b 63413507
|c 20181008
|g PSBO
|
| 942 |
|
|
|c BK
|